000 00620nam a2200157 a 4500
008 140206s1980 ||||||||||||||||| || u
020 _a0070625808
050 _aT 57.74 Swa
100 _aSwanson, Leonard W
245 1 0 _aLinear programming : basic theory and applications
_cby Leonard W. Swanson
260 _aNew York:
_bMcGraw-Hill
_c1980
300 _axii, 218p.: ill.
490 _aQuantitative methods for management series
650 _aLinear programming
995 _FCBU-MAIN LIBRARY (Kitwe)
_M1
_UAVAILABLE
_WMar 11, 2014
_ZAnnex Low-Usage Collection
999 _c49319
_d49319